| 000 | 00922cam a2200301 a 4500 | ||
|---|---|---|---|
| 001 | 690087949 | ||
| 003 | OSt | ||
| 005 | 20150408114039.0 | ||
| 008 | 101201s2011 gw a 001 0 eng | ||
| 020 | _a9783131500519 | ||
| 020 | _a3131538716 | ||
| 035 | _a(OCoLC)690087949 | ||
| 040 |
_aNLM _cNLM _dBTCTA _dYDXCP _dTEF _dUAB _dOHX |
||
| 041 | 1 |
_aeng _hger |
|
| 042 | _apcc | ||
| 082 |
_221 _a616.107 |
||
| 100 | 1 |
_aSchaefer-Prokop, Cornelia _911128 |
|
| 245 | 1 | 0 |
_aCritical Care Radiology _cJohannes Kirchner. |
| 260 |
_aStuttgart : _bThieme, _cc2011. |
||
| 300 |
_aix, 236 p. : _bill. ; _c28 cm. |
||
| 650 | 2 |
_aRadiography, Thoracic _xmethods _911129 |
|
| 650 | 2 |
_aHeart Failure _xradiography _vatlases. _911130 |
|
| 650 | 2 |
_aRespiratory Tract Diseases _xradiography _911131 |
|
| 650 | 0 |
_aChest _xRadiography _vCase studies. _911132 |
|
| 740 | 0 | _aTrainer Thoraxdiagnostik. | |
| 942 |
_2ddc _cBOOK |
||
| 999 |
_c23697 _d258197 |
||